Statistics for Northern Things Quiz

Click here to take the quiz!

General Stats

  • This quiz has been taken 56,392 times
    (19,463 since last reset)
  • The average score is 13 of 18

Answer Stats

ClueAnswer% Correct
Where Santa livesNorth Pole
99%
ContinentNorth America
96%
Asian countryNorth Korea
96%
U.S. stateNorth Dakota
95%
U.S. stateNorth Carolina
94%
Body of water between
Britain and Norway
North Sea
90%
Aurora BorealisNorthern Lights
89%
Area north of the equatorNorthern Hemisphere
82%
Former country led by Hồ Chí MinhNorth Vietnam
78%
The NA in NATONorth Atlantic
74%
Half of New ZealandNorth Island
71%
Northern side of Mount Everest, or an
American outdoor apparel company
The North Face
67%
Also known as PolarisNorth Star
65%
Where the Troubles happenedNorthern Ireland
57%
Darwin is the capital of this
Australian region
Northern Territory
56%
Where Rommel fought in WWIINorthern Africa
55%
Northernmost English countyNorthumberland
38%
Oahu surfing spotNorth Shore
25%

Score Distribution

Percentile by Number Answered

Percent of People with Each Score

Your Score History

You have not taken this quiz since the last reset